000 01977nam a2200493 i 4500
001 25782
003 KOSZ 005
005 20200715113754.0
008 200715s1973 pl a f 001 0 pol
015 _aUWD 1974/1957
035 _a991027953599705066
035 _a(PL-WaBN)b17572915-48omnis_nlop
035 _ab17572915
035 _a(OCoLC)830685321
035 _a(PL)b0000001757291
035 _a(EXLNZ-48OMNIS_NETWORK)9910262937705606
040 _aWA N
_cWA N
_dKOSZ 005/RW
046 _k1973
080 _a678
080 _a(083.1)
245 0 0 _aGuma :
_bporadnik inżyniera i technika : praca zbiorowa /
_cautorzy : L[ech] Ciechanowicz (i inni) ; redakcja naukowa Jadwiga Rodzynkiewicz-Rudzińska.
260 _aWarszawa :
_bWydawnictwa Naukowo-Techniczne,
_c1973.
300 _a614, [2] stron :
_bilustracje, tablice, tablele, wykresy ;
_c22 cm.
336 _aTekst
_btxt
_2rdacontent
337 _aBez urządzenia pośredniczącego
_bn
_2rdamedia
338 _aWolumin
_bnc
_2rdacarrier
380 _aKsiążki
380 _aPublikacje fachowe
388 1 _a1901-2000
388 1 _a1945-1989
504 _aBibliografia przy rozdziałach. Indeks.
521 8 _aPoradnik jest przeznaczony dla inżynierów i techników zatrudnionych w zakładach przemysłu gumowego i przemysłów pokrewnych, dla pracowników gospodarki narodowej zainteresowanych tymi zagadnieniami oraz dla pracowników spółdzielni i drobnych wytwórców wyrobów gumowych.
650 7 _aGuma
_2DBN
650 7 _aTechnologia
650 7 _aWyroby
655 7 _aPoradnik
658 _aInżynieria i technika
700 1 _aCiechanowicz, Lech
_eAutor
700 1 _aRodzynkiewicz-Rudzińska, Jadwiga
_eRedakcja
710 2 _aWydawnictwa Naukowo-Techniczne
_4pbl
856 _uhttp://koha.tu.koszalin.pl/cgi-bin/koha/opac-detail.pl?biblionumber=25782
_yKatalog online BPK
942 _2UKD
_cKS
999 _c25782
_d25782